[Event "Blitz 2018"]
[Site "Saint-Petersburg"]
[Date "2018.12.29"]
[Round "4"]
[Board "9"]
[White "Cheparinov Ivan (GEO)"]
[Black "Anand Viswanathan (IND)"]
[Result "1/2-1/2"]
[LiveChessVersion "1.4.8"]
[BlackElo "2832"]
[WhiteElo "2618"]

1. Nf3 {[%clk 0:03:02]} c5 {[%clk 0:03:02]} 2. c4 {[%clk 0:03:03]} Nc6
{[%clk 0:03:02]} 3. Nc3 {[%clk 0:03:04]} Nf6 {[%clk 0:03:03]} 4. g3
{[%clk 0:03:02]} d5 {[%clk 0:02:56]} 5. d4 {[%clk 0:03:02]} e6 {[%clk 0:02:56]}
6. cxd5 {[%clk 0:03:00]} Nxd5 {[%clk 0:02:56]} 7. Bg2 {[%clk 0:02:59]} cxd4
{[%clk 0:02:57]} 8. Nxd4 {[%clk 0:02:59]} Nxc3 {[%clk 0:02:58]} 9. bxc3
{[%clk 0:02:59]} Nxd4 {[%clk 0:02:58]} 10. Qxd4 {[%clk 0:02:58]} Qxd4
{[%clk 0:02:59]} 11. cxd4 {[%clk 0:02:58]} Bd6 {[%clk 0:03:00]} 12. a4
{[%clk 0:02:55]} Rb8 {[%clk 0:02:58]} 13. a5 {[%clk 0:02:52]} Bd7
{[%clk 0:02:51]} 14. Be3 {[%clk 0:02:46]} a6 {[%clk 0:02:47]} 15. O-O
{[%clk 0:02:39]} Bb5 {[%clk 0:02:45]} 16. Ra2 {[%clk 0:02:36]} Ke7
{[%clk 0:02:36]} 17. Rc1 {[%clk 0:02:36]} Rhd8 {[%clk 0:02:19]} 18. f4
{[%clk 0:02:20]} Rd7 {[%clk 0:02:11]} 19. Kf2 {[%clk 0:02:13]} Rc7
{[%clk 0:02:10]} 20. Rxc7+ {[%clk 0:02:08]} Bxc7 {[%clk 0:02:11]} 21. d5
{[%clk 0:02:02]} exd5 {[%clk 0:01:56]} 22. Bxd5 {[%clk 0:02:03]} b6
{[%clk 0:01:57]} 23. Rc2 {[%clk 0:01:46]} Bd8 {[%clk 0:01:58]} 24. axb6
{[%clk 0:01:45]} Bxb6 {[%clk 0:01:59]} 25. Bxb6 {[%clk 0:01:44]} Rxb6
{[%clk 0:02:00]} 26. e4 {[%clk 0:01:42]} Rd6 {[%clk 0:02:00]} 27. g4
{[%clk 0:01:31]} Rd7 {[%clk 0:01:59]} 28. Ke3 {[%clk 0:01:28]} Ra7
{[%clk 0:01:58]} 29. Rb2 {[%clk 0:01:17]} Bd7 {[%clk 0:01:57]} 30. f5
{[%clk 0:01:09]} f6 {[%clk 0:01:55]} 31. Kd4 {[%clk 0:01:06]} a5 {[%clk 0:01:47]}
32. e5 {[%clk 0:00:56]} fxe5+ {[%clk 0:01:45]} 33. Kxe5 {[%clk 0:00:57]} h6
{[%clk 0:01:21]} 34. h4 {[%clk 0:00:58]} Rc7 {[%clk 0:01:11]} 35. g5
{[%clk 0:00:59]} hxg5 {[%clk 0:01:11]} 36. hxg5 {[%clk 0:01:00]} a4
{[%clk 0:01:01]} 37. f6+ {[%clk 0:00:58]} gxf6+ {[%clk 0:01:01]} 38. gxf6+
{[%clk 0:01:00]} Kd8 {[%clk 0:00:59]} 39. Kd6 {[%clk 0:00:55]} Be8
{[%clk 0:00:58]} 40. Rb8+ {[%clk 0:00:32]} Rc8 {[%clk 0:00:59]} 41. Rb7
{[%clk 0:00:27]} Ra8 {[%clk 0:00:59]} 42. Rb6 {[%clk 0:00:20]} Rc8
{[%clk 0:01:00]} 43. Be6 {[%clk 0:00:16]} Ra8 {[%clk 0:01:01]} 44. Bd5
{[%clk 0:00:14]} Rc8 {[%clk 0:01:03]} 45. f7 {[%clk 0:00:14]} Bxf7
{[%clk 0:01:04]} 46. Bxf7 {[%clk 0:00:16]} a3 {[%clk 0:01:03]} 47. Rb7
{[%clk 0:00:14]} Rc2 {[%clk 0:00:59]} 48. Rb8+ {[%clk 0:00:13]} Rc8
{[%clk 0:01:00]} 49. Rb7 {[%clk 0:00:12]} Ra8 {[%clk 0:00:54]} 50. Rd7+
{[%clk 0:00:11]} Kc8 {[%clk 0:00:55]} 51. Rc7+ {[%clk 0:00:12]} Kb8
{[%clk 0:00:53]} 52. Rc2 {[%clk 0:00:08]} Ra6+ {[%clk 0:00:54]} 53. Ke5
{[%clk 0:00:07]} Kb7 {[%clk 0:00:54]} 54. Bd5+ {[%clk 0:00:08]} Kb6
{[%clk 0:00:55]} 55. Kd4 {[%clk 0:00:09]} Ra4+ {[%clk 0:00:56]} 56. Kc3
{[%clk 0:00:07]} Ra5 {[%clk 0:00:54]} 57. Bc4 {[%clk 0:00:07]} Re5
{[%clk 0:00:54]} 58. Kb4 {[%clk 0:00:08]} Re3 {[%clk 0:00:54]} 59. Bb3
{[%clk 0:00:08]} Rg3 {[%clk 0:00:55]} 60. Rh2 {[%clk 0:00:09]} Rg4+
{[%clk 0:00:55]} 61. Kxa3 {[%clk 0:00:09]} Kb5 {[%clk 0:00:55]} 62. Rh5+ Kb6 63.
Kb2 {[%clk 0:00:08]} Kc6 {[%clk 0:00:58]} 64. Kc3 {[%clk 0:00:09]} Kd6
{[%clk 0:00:59]} 65. Bc2 {[%clk 0:00:08]} Kc6 {[%clk 0:00:58]} 66. Re5
{[%clk 0:00:07]} Kd6 {[%clk 0:01:00]} 67. Re3 {[%clk 0:00:08]} Kc5
{[%clk 0:01:00]} 68. Bf5 {[%clk 0:00:08]} Rf4 {[%clk 0:01:00]} 69. Re5+
{[%clk 0:00:08]} Kd6 {[%clk 0:01:02]} 70. Ra5 {[%clk 0:00:09]} Rh4
{[%clk 0:01:01]} 71. Kd3 {[%clk 0:00:10]} Rb4 {[%clk 0:00:55]} 72. Be4
{[%clk 0:00:10]} Ke6 {[%clk 0:00:56]} 73. Ke3 {[%clk 0:00:12]} Kd6
{[%clk 0:00:54]} 74. Kf4 {[%clk 0:00:13]} Rc4 {[%clk 0:00:54]} 75. Rd5+
{[%clk 0:00:13]} Ke6 {[%clk 0:00:54]} 76. Rh5 {[%clk 0:00:13]} Ra4
{[%clk 0:00:54]} 77. Rh6+ {[%clk 0:00:14]} Kd7 {[%clk 0:00:52]} 78. Ke5
{[%clk 0:00:14]} Kc7 {[%clk 0:00:52]} 79. Bd5 {[%clk 0:00:12]} Ra1
{[%clk 0:00:50]} 80. Rc6+ {[%clk 0:00:10]} Kd7 {[%clk 0:00:51]} 81. Rb6
{[%clk 0:00:11]} Re1+ {[%clk 0:00:50]} 82. Be4 {[%clk 0:00:12]} Ke7
{[%clk 0:00:50]} 83. Rb7+ {[%clk 0:00:13]} Ke8 {[%clk 0:00:51]} 84. Rh7
{[%clk 0:00:13]} Re2 {[%clk 0:00:51]} 85. Kd5 {[%clk 0:00:13]} Kf8
{[%clk 0:00:52]} 86. Ra7 {[%clk 0:00:13]} Re1 {[%clk 0:00:48]} 87. Ke5
{[%clk 0:00:12]} Ke8 {[%clk 0:00:48]} 88. Kf5 {[%clk 0:00:12]} Kd8
{[%clk 0:00:49]} 89. Bd5 {[%clk 0:00:13]} Re7 {[%clk 0:00:48]} 90. Ra8+
{[%clk 0:00:13]} Kc7 {[%clk 0:00:49]} 91. Kf6 {[%clk 0:00:13]} Re1
{[%clk 0:00:49]} 92. Kf5 {[%clk 0:00:08]} Kd6 {[%clk 0:00:50]} 93. Be4
{[%clk 0:00:08]} Rf1+ {[%clk 0:00:50]} 94. Kg5 {[%clk 0:00:09]} Ke5
{[%clk 0:00:51]} 95. Re8+ {[%clk 0:00:10]} Kd4 {[%clk 0:00:52]} 96. Bf5
{[%clk 0:00:11]} Kd5 {[%clk 0:00:52]} 97. Kf6 {[%clk 0:00:12]} Kd4
{[%clk 0:00:52]} 98. Re4+ {[%clk 0:00:12]} Kc3 {[%clk 0:00:53]} 99. Ke5
{[%clk 0:00:14]} Ra1 {[%clk 0:00:53]} 100. Re3+ {[%clk 0:00:15]} Kc4
{[%clk 0:00:47]} 101. Be6+ {[%clk 0:00:16]} Kc5 {[%clk 0:00:45]} 102. Rc3+
{[%clk 0:00:17]} Kb4 {[%clk 0:00:46]} 103. Rc4+ {[%clk 0:00:18]} Kb5
{[%clk 0:00:46]} 104. Rc8 {[%clk 0:00:18]} Rh1 {[%clk 0:00:44]} 105. Bd5
{[%clk 0:00:16]} Rh5+ {[%clk 0:00:42]} 106. Kd4 {[%clk 0:00:17]} Kb6
{[%clk 0:00:42]} 107. Rc6+ {[%clk 0:00:17]} Kb5 {[%clk 0:00:43]} 108. Rc7
{[%clk 0:00:17]} Rh4+ {[%clk 0:00:42]} 109. Be4 {[%clk 0:00:18]} Rh6
{[%clk 0:00:36]} 110. Rb7+ {[%clk 0:00:13]} Rb6 {[%clk 0:00:35]} 111. Ra7
{[%clk 0:00:14]} Rh6 {[%clk 0:00:35]} 112. Ra1 {[%clk 0:00:13]} Kb6
{[%clk 0:00:32]} 113. Rb1+ {[%clk 0:00:11]} Kc7 {[%clk 0:00:24]} 114. Rb7+
{[%clk 0:00:12]} Kc8 {[%clk 0:00:23]} 115. Rg7 {[%clk 0:00:10]} Rd6+
{[%clk 0:00:13]} 116. Kc5 {[%clk 0:00:09]} Rd1 {[%clk 0:00:12]} 117. Bd5
{[%clk 0:00:09]} Rf1 {[%clk 0:00:08]} 118. Kd6 {[%clk 0:00:08]} Rf6+
{[%clk 0:00:05]} 119. Be6+ {[%clk 0:00:09]} Kb8 {[%clk 0:00:07]} 120. Rg1
{[%clk 0:00:06]} Kb7 {[%clk 0:00:07]} 121. Rb1+ {[%clk 0:00:06]} Ka6
{[%clk 0:00:08]} 122. Ke5 {[%clk 0:00:05]} Rh6 {[%clk 0:00:08]} 123. Kd5
{[%clk 0:00:06]} Rh5+ {[%clk 0:00:07]} 124. Kc6 {[%clk 0:00:08]} Ka5
{[%clk 0:00:07]} 125. Bd5 {[%clk 0:00:07]} Ka4 {[%clk 0:00:05]} 126. Kc5
{[%clk 0:00:08]} Rh3 {[%clk 0:00:06]} 127. Ra1+ {[%clk 0:00:06]} Ra3
{[%clk 0:00:07]} 128. Rh1 {[%clk 0:00:05]} Rg3 {[%clk 0:00:04]} 129. Ra1+
{[%clk 0:00:04]} Ra3 {[%clk 0:00:05]} 130. Rb1 {[%clk 0:00:05]} 1/2-1/2

[Event "Blitz 2018"]
[Site "Saint-Petersburg"]
[Date "2018.12.29"]
[Round "4"]
[Board "10"]
[White "Sarana Alexey (RUS)"]
[Black "Svidler Peter (RUS)"]
[Result "0-1"]
[LiveChessVersion "1.4.8"]
[BlackElo "2770"]
[WhiteElo "2616"]

1. d4 {[%clk 0:03:03]} Nf6 {[%clk 0:03:03]} 2. Bg5 {[%clk 0:03:04]} g6
{[%clk 0:03:03]} 3. Nd2 {[%clk 0:02:59]} d5 {[%clk 0:02:58]} 4. Ngf3
{[%clk 0:02:57]} Bg7 {[%clk 0:02:59]} 5. e3 {[%clk 0:02:59]} O-O {[%clk 0:03:00]}
6. c3 {[%clk 0:03:00]} Nbd7 {[%clk 0:02:58]} 7. Be2 {[%clk 0:03:00]} Re8
{[%clk 0:02:58]} 8. O-O {[%clk 0:02:53]} h6 {[%clk 0:02:53]} 9. Bf4
{[%clk 0:02:53]} Nh5 {[%clk 0:02:51]} 10. Ne5 {[%clk 0:02:46]} Nxf4
{[%clk 0:02:44]} 11. exf4 {[%clk 0:02:47]} Nxe5 {[%clk 0:02:28]} 12. fxe5
{[%clk 0:02:47]} c5 {[%clk 0:02:29]} 13. Bd3 {[%clk 0:02:43]} cxd4
{[%clk 0:02:28]} 14. cxd4 {[%clk 0:02:44]} Qb6 {[%clk 0:02:29]} 15. Nb3
{[%clk 0:02:41]} Bd7 {[%clk 0:02:25]} 16. h4 {[%clk 0:02:26]} h5 {[%clk 0:02:09]}
17. Rc1 {[%clk 0:02:01]} Ba4 {[%clk 0:02:08]} 18. Bb1 {[%clk 0:01:24]} Rac8
{[%clk 0:02:02]} 19. Qf3 {[%clk 0:01:16]} Bxb3 {[%clk 0:02:00]} 20. Qxb3
{[%clk 0:00:50]} Rxc1 {[%clk 0:01:41]} 21. Rxc1 {[%clk 0:00:50]} Qxd4
{[%clk 0:01:41]} 22. e6 {[%clk 0:00:50]} fxe6 {[%clk 0:01:42]} 23. Qxb7
{[%clk 0:00:25]} Rf8 {[%clk 0:01:31]} 24. Rf1 {[%clk 0:00:25]} Qxh4
{[%clk 0:01:18]} 25. Qa6 {[%clk 0:00:26]} Qg4 {[%clk 0:01:05]} 26. Qxa7
{[%clk 0:00:09]} h4 {[%clk 0:01:05]} 27. Qa3 {[%clk 0:00:09]} Bd4
{[%clk 0:01:02]} 28. Qd3 {[%clk 0:00:11]} Kg7 {[%clk 0:01:01]} 29. b3
{[%clk 0:00:08]} e5 {[%clk 0:01:00]} 30. a4 {[%clk 0:00:09]} Rc8 {[%clk 0:01:00]}
31. b4 {[%clk 0:00:07]} Rc3 {[%clk 0:01:00]} 32. Qd1 {[%clk 0:00:08]} Qf4
{[%clk 0:00:45]} 33. Kh1 {[%clk 0:00:09]} h3 {[%clk 0:00:14]} 34. g3
{[%clk 0:00:10]} Qf6 {[%clk 0:00:15]} 35. Qe2 {[%clk 0:00:04]} Rf3
{[%clk 0:00:15]} 36. a5 {[%clk 0:00:03]} e4 {[%clk 0:00:16]} 37. b5
{[%clk 0:00:04]} Rxf2 {[%clk 0:00:11]} 38. Rxf2 {[%clk 0:00:05]} Bxf2
{[%clk 0:00:12]} 39. b6 {[%clk 0:00:06]} Bxg3 {[%clk 0:00:12]} 40. Ba2
{[%clk 0:00:04]} Qa1+ {[%clk 0:00:12]} 0-1

[Event "Blitz 2018"]
[Site "Saint-Petersburg"]
[Date "2018.12.29"]
[Round "4"]
[Board "11"]
[White "Le Quang Liem (VIE)"]
[Black "Lintchevski Daniil (RUS)"]
[Result "1-0"]
[LiveChessVersion "1.4.8"]
[BlackElo "2594"]
[WhiteElo "2749"]

1. c4 {[%clk 0:03:03]} c5 {[%clk 0:03:01]} 2. Nf3 {[%clk 0:03:02]} Nc6
{[%clk 0:03:02]} 3. Nc3 {[%clk 0:03:03]} g6 {[%clk 0:03:02]} 4. e3
{[%clk 0:03:04]} Nf6 {[%clk 0:03:03]} 5. d4 {[%clk 0:03:04]} cxd4
{[%clk 0:03:03]} 6. exd4 {[%clk 0:03:05]} d5 {[%clk 0:03:04]} 7. cxd5
{[%clk 0:03:05]} Nxd5 {[%clk 0:03:04]} 8. Bc4 {[%clk 0:03:06]} Nxc3
{[%clk 0:03:04]} 9. Qb3 {[%clk 0:03:05]} e6 {[%clk 0:03:05]} 10. bxc3
{[%clk 0:03:04]} Bg7 {[%clk 0:03:06]} 11. Ba3 {[%clk 0:02:58]} Bf8
{[%clk 0:03:06]} 12. O-O {[%clk 0:02:49]} Bxa3 {[%clk 0:03:06]} 13. Qxa3
{[%clk 0:02:50]} Qe7 {[%clk 0:03:07]} 14. Qb2 {[%clk 0:02:47]} O-O
{[%clk 0:02:59]} 15. Rfe1 {[%clk 0:02:40]} Qc7 {[%clk 0:02:43]} 16. Bb3
{[%clk 0:02:26]} b6 {[%clk 0:02:25]} 17. c4 {[%clk 0:02:23]} Na5 {[%clk 0:02:21]}
18. d5 {[%clk 0:02:14]} exd5 {[%clk 0:01:20]} 19. cxd5 {[%clk 0:02:14]} Qf4
{[%clk 0:01:19]} 20. Rad1 {[%clk 0:01:47]} Bb7 {[%clk 0:01:04]} 21. Ne5
{[%clk 0:01:40]} Rad8 {[%clk 0:00:54]} 22. d6 {[%clk 0:01:24]} Nc6
{[%clk 0:00:31]} 23. d7 {[%clk 0:00:42]} Nxe5 {[%clk 0:00:27]} 24. Qxe5
{[%clk 0:00:40]} Qxe5 {[%clk 0:00:19]} 25. Rxe5 {[%clk 0:00:41]} Bc6
{[%clk 0:00:20]} 26. Re7 {[%clk 0:00:41]} Kg7 {[%clk 0:00:21]} 27. Rd6
{[%clk 0:00:42]} Bb5 {[%clk 0:00:18]} 28. g4 {[%clk 0:00:37]} g5 {[%clk 0:00:12]}
29. Kg2 {[%clk 0:00:33]} Ba6 {[%clk 0:00:11]} 30. Kg3 {[%clk 0:00:32]} h6
{[%clk 0:00:11]} 31. h4 {[%clk 0:00:31]} Bb5 {[%clk 0:00:11]} 32. hxg5
{[%clk 0:00:24]} hxg5 {[%clk 0:00:12]} 33. f4 {[%clk 0:00:20]} gxf4+
{[%clk 0:00:12]} 34. Kxf4 {[%clk 0:00:21]} Bf1 {[%clk 0:00:12]} 35. g5
{[%clk 0:00:21]} Bh3 {[%clk 0:00:12]} 36. g6 {[%clk 0:00:20]} Rxd7
{[%clk 0:00:13]} 37. Rdxd7 {[%clk 0:00:15]} Bxd7 {[%clk 0:00:14]} 38. Rxd7
{[%clk 0:00:15]} Kxg6 {[%clk 0:00:15]} 39. Rxa7 {[%clk 0:00:16]} Rh8
{[%clk 0:00:08]} 40. Bxf7+ {[%clk 0:00:16]} Kf6 {[%clk 0:00:09]} 41. Bb3
{[%clk 0:00:16]} Rh4+ {[%clk 0:00:10]} 42. Ke3 {[%clk 0:00:17]} Ke5
{[%clk 0:00:11]} 43. Rd7 {[%clk 0:00:17]} Rh3+ {[%clk 0:00:11]} 44. Kd2
{[%clk 0:00:17]} Ke4 {[%clk 0:00:11]} 45. Rd6 {[%clk 0:00:17]} Kd5 1-0

[Event "Blitz 2018"]
[Site "Saint-Petersburg"]
[Date "2018.12.29"]
[Round "4"]
[Board "13"]
[White "Tang Andrew (USA)"]
[Black "Vitiugov Nikita (RUS)"]
[Result "0-1"]
[LiveChessVersion "1.4.8"]
[BlackElo "2696"]
[WhiteElo "2501"]

1. d4 {[%clk 0:03:03]} d5 {[%clk 0:03:02]} 2. Bf4 {[%clk 0:03:03]} Nf6
{[%clk 0:03:02]} 3. e3 {[%clk 0:03:04]} e6 {[%clk 0:03:03]} 4. Nf3
{[%clk 0:03:05]} Bd6 {[%clk 0:03:03]} 5. Nbd2 {[%clk 0:03:05]} Bxf4
{[%clk 0:03:02]} 6. exf4 {[%clk 0:03:06]} O-O {[%clk 0:02:53]} 7. Bd3
{[%clk 0:03:06]} b6 {[%clk 0:02:51]} 8. Qe2 {[%clk 0:03:06]} a5 {[%clk 0:02:48]}
9. O-O {[%clk 0:03:02]} Ba6 {[%clk 0:02:49]} 10. Bxa6 {[%clk 0:03:03]} Nxa6
{[%clk 0:02:50]} 11. Rfe1 {[%clk 0:02:57]} c5 {[%clk 0:02:43]} 12. c3
{[%clk 0:02:58]} a4 {[%clk 0:02:35]} 13. Qd3 {[%clk 0:02:03]} Nc7
{[%clk 0:02:15]} 14. Ne5 {[%clk 0:01:50]} Qc8 {[%clk 0:02:08]} 15. Rac1
{[%clk 0:01:41]} Qa6 {[%clk 0:02:04]} 16. Qb1 {[%clk 0:01:39]} Nb5
{[%clk 0:01:52]} 17. Ndf3 {[%clk 0:00:54]} a3 {[%clk 0:01:45]} 18. b3
{[%clk 0:00:45]} Nd6 {[%clk 0:01:19]} 19. dxc5 {[%clk 0:00:34]} bxc5
{[%clk 0:01:20]} 20. c4 {[%clk 0:00:36]} Nde4 {[%clk 0:01:13]} 21. Nd3
{[%clk 0:00:32]} Qa5 {[%clk 0:01:10]} 22. Qc2 {[%clk 0:00:32]} d4
{[%clk 0:01:07]} 23. Nfe5 {[%clk 0:00:32]} Nc3 {[%clk 0:01:06]} 24. h3
{[%clk 0:00:27]} Qc7 {[%clk 0:01:02]} 25. f3 {[%clk 0:00:22]} Rfc8
{[%clk 0:00:59]} 26. Qf2 {[%clk 0:00:22]} Ne8 {[%clk 0:00:54]} 27. Rc2
{[%clk 0:00:21]} Nd6 {[%clk 0:00:55]} 28. Qd2 {[%clk 0:00:12]} Rab8
{[%clk 0:00:54]} 29. Ng4 {[%clk 0:00:11]} Qa7 {[%clk 0:00:38]} 30. Ngf2
{[%clk 0:00:11]} Rc7 {[%clk 0:00:26]} 31. Ne4 {[%clk 0:00:11]} Ndxe4
{[%clk 0:00:22]} 32. fxe4 {[%clk 0:00:12]} Qb7 {[%clk 0:00:24]} 33. e5
{[%clk 0:00:12]} h6 {[%clk 0:00:22]} 34. Nc1 {[%clk 0:00:13]} Qc6
{[%clk 0:00:15]} 35. Qd3 {[%clk 0:00:14]} Rd7 {[%clk 0:00:14]} 36. Ne2
{[%clk 0:00:12]} Nxe2+ {[%clk 0:00:14]} 37. Rcxe2 {[%clk 0:00:14]} g6
{[%clk 0:00:13]} 38. Rf2 {[%clk 0:00:15]} h5 {[%clk 0:00:12]} 39. Kh2
{[%clk 0:00:15]} Kg7 {[%clk 0:00:12]} 40. Ree2 {[%clk 0:00:14]} h4
{[%clk 0:00:11]} 41. Rd2 {[%clk 0:00:15]} Rh8 {[%clk 0:00:10]} 42. Rde2
{[%clk 0:00:15]} Rh5 {[%clk 0:00:10]} 43. Rd2 {[%clk 0:00:15]} Rb7
{[%clk 0:00:08]} 44. Qc2 {[%clk 0:00:14]} Qc7 {[%clk 0:00:07]} 45. Qc1
{[%clk 0:00:14]} Qc6 {[%clk 0:00:07]} 46. Qxa3 {[%clk 0:00:13]} Rf5
{[%clk 0:00:07]} 47. Qc1 {[%clk 0:00:13]} Ra7 {[%clk 0:00:07]} 48. Rd3
{[%clk 0:00:12]} Qe4 {[%clk 0:00:08]} 49. Rdf3 {[%clk 0:00:11]} Qa8
{[%clk 0:00:07]} 50. a4 {[%clk 0:00:12]} Rb7 {[%clk 0:00:07]} 51. Qc2
{[%clk 0:00:13]} Rb4 {[%clk 0:00:08]} 52. Rd3 {[%clk 0:00:13]} Qb7
{[%clk 0:00:08]} 53. Rff3 {[%clk 0:00:12]} Qb6 {[%clk 0:00:06]} 54. Qf2
{[%clk 0:00:13]} Rh5 {[%clk 0:00:07]} 55. Qa2 {[%clk 0:00:13]} Qa5
{[%clk 0:00:08]} 56. Rf1 {[%clk 0:00:13]} Kg8 {[%clk 0:00:09]} 57. Qe2
{[%clk 0:00:14]} Qb6 {[%clk 0:00:09]} 58. Ra1 {[%clk 0:00:13]} Qa5
{[%clk 0:00:08]} 59. Qg4 {[%clk 0:00:14]} Kg7 {[%clk 0:00:10]} 60. Ra2
{[%clk 0:00:14]} Kg8 {[%clk 0:00:08]} 61. Re2 {[%clk 0:00:14]} Qb6
{[%clk 0:00:08]} 62. Ra2 Qa5 {[%clk 0:00:11]} 63. Ra1 {[%clk 0:00:15]} Kg7 64.
Rf3 {[%clk 0:00:13]} Kg8 {[%clk 0:00:09]} 65. f5 {[%clk 0:00:14]} exf5
{[%clk 0:00:08]} 66. Qf4 {[%clk 0:00:16]} Rb6 {[%clk 0:00:08]} 67. e6
{[%clk 0:00:13]} Rxe6 {[%clk 0:00:08]} 68. Qb8+ {[%clk 0:00:14]} Kg7
{[%clk 0:00:09]} 69. Qb5 {[%clk 0:00:14]} Qc7+ {[%clk 0:00:09]} 70. Kh1
{[%clk 0:00:15]} Rg5 {[%clk 0:00:08]} 71. a5 {[%clk 0:00:09]} Re2
{[%clk 0:00:08]} 72. Rg1 {[%clk 0:00:10]} Rg3 {[%clk 0:00:07]} 73. Rxg3
{[%clk 0:00:09]} Qxg3 {[%clk 0:00:07]} 74. Qb7 {[%clk 0:00:10]} d3
{[%clk 0:00:05]} 75. a6 {[%clk 0:00:04]} d2 {[%clk 0:00:06]} 76. Qd5 Qe3
{[%clk 0:00:05]} 77. a7 {[%clk 0:00:03]} Re1 {[%clk 0:00:06]} 0-1

[Event "Blitz 2018"]
[Site "Saint-Petersburg"]
[Date "2018.12.29"]
[Round "4"]
[Board "14"]
[White "Timofeev Artyom (RUS)"]
[Black "Ponkratov Pavel (RUS)"]
[Result "1/2-1/2"]
[LiveChessVersion "1.4.8"]
[BlackElo "2688"]
[WhiteElo "2568"]

1. c4 {[%clk 0:03:03]} e5 {[%clk 0:03:01]} 2. e3 {[%clk 0:03:01]} f5
{[%clk 0:03:00]} 3. Nc3 {[%clk 0:03:01]} Nf6 {[%clk 0:03:01]} 4. g3
{[%clk 0:02:52]} c6 {[%clk 0:02:55]} 5. Bg2 {[%clk 0:02:42]} d5 {[%clk 0:02:46]}
6. cxd5 {[%clk 0:02:42]} cxd5 {[%clk 0:02:47]} 7. Qb3 {[%clk 0:02:43]} e4
{[%clk 0:02:49]} 8. d3 {[%clk 0:02:34]} Na6 {[%clk 0:02:44]} 9. d4
{[%clk 0:02:10]} Nc7 {[%clk 0:02:43]} 10. Nge2 {[%clk 0:02:08]} Bd6
{[%clk 0:02:43]} 11. Nb5 {[%clk 0:02:02]} Nxb5 {[%clk 0:02:36]} 12. Qxb5+
{[%clk 0:02:02]} Bd7 {[%clk 0:02:37]} 13. Qb3 {[%clk 0:02:03]} O-O
{[%clk 0:02:34]} 14. Bd2 {[%clk 0:02:04]} a5 {[%clk 0:02:32]} 15. a4
{[%clk 0:01:47]} Bc6 {[%clk 0:02:32]} 16. Nf4 {[%clk 0:01:45]} Qd7
{[%clk 0:02:19]} 17. h4 {[%clk 0:01:45]} Rfb8 {[%clk 0:01:55]} 18. Bf1
{[%clk 0:01:46]} Kh8 {[%clk 0:01:47]} 19. Bb5 {[%clk 0:01:35]} Bxb5
{[%clk 0:01:48]} 20. Qxb5 {[%clk 0:01:23]} Qxb5 {[%clk 0:01:49]} 21. axb5
{[%clk 0:01:23]} Bxf4 {[%clk 0:01:42]} 22. gxf4 {[%clk 0:01:23]} b6
{[%clk 0:01:43]} 23. Rc1 {[%clk 0:01:19]} Rc8 {[%clk 0:01:44]} 24. Ke2
{[%clk 0:01:20]} Kg8 {[%clk 0:01:41]} 25. Rc6 {[%clk 0:01:09]} Rxc6
{[%clk 0:01:29]} 26. bxc6 {[%clk 0:01:10]} Kf7 {[%clk 0:01:24]} 27. b4
{[%clk 0:01:03]} a4 {[%clk 0:01:05]} 28. b5 {[%clk 0:00:47]} Ne8 {[%clk 0:01:06]}
29. Bb4 {[%clk 0:00:48]} Nc7 {[%clk 0:01:03]} 30. Bc5 {[%clk 0:00:41]} bxc5
{[%clk 0:00:33]} 31. b6 {[%clk 0:00:42]} c4 {[%clk 0:00:32]} 32. Ra1
{[%clk 0:00:35]} Ke6 {[%clk 0:00:17]} 33. bxc7 {[%clk 0:00:36]} Rc8
{[%clk 0:00:17]} 34. Rxa4 {[%clk 0:00:33]} Rxc7 {[%clk 0:00:18]} 35. h5
{[%clk 0:00:17]} Rxc6 {[%clk 0:00:16]} 36. Ra7 {[%clk 0:00:19]} Kf6
{[%clk 0:00:17]} 37. Rd7 {[%clk 0:00:17]} Ra6 {[%clk 0:00:10]} 38. Rxd5
{[%clk 0:00:17]} Ra2+ {[%clk 0:00:08]} 39. Ke1 {[%clk 0:00:15]} c3
{[%clk 0:00:08]} 40. Rc5 {[%clk 0:00:16]} c2 {[%clk 0:00:10]} 41. Kd2
{[%clk 0:00:17]} c1=Q+ {[%clk 0:00:08]} 42. Kxc1 {[%clk 0:00:18]} Rxf2
{[%clk 0:00:08]} 43. Rc6+ {[%clk 0:00:19]} Kf7 {[%clk 0:00:09]} 44. Rc7+
{[%clk 0:00:20]} Kf6 {[%clk 0:00:10]} 45. Rc6+ {[%clk 0:00:21]} Ke5 1/2-1/2

[Event "Blitz 2018"]
[Site "Saint-Petersburg"]
[Date "2018.12.29"]
[Round "4"]
[Board "15"]
[White "Oganian Miran (RUS)"]
[Black "Dreev Aleksey (RUS)"]
[Result "0-1"]
[LiveChessVersion "1.4.8"]
[BlackElo "2675"]
[WhiteElo "2326"]

1. d4 {[%clk 0:03:03]} d5 {[%clk 0:03:03]} 2. c4 {[%clk 0:03:04]} c6
{[%clk 0:03:04]} 3. Nf3 {[%clk 0:03:04]} Nf6 {[%clk 0:03:06]} 4. Qc2
{[%clk 0:03:06]} dxc4 {[%clk 0:03:06]} 5. Qxc4 {[%clk 0:03:07]} Bg4
{[%clk 0:03:06]} 6. Nbd2 {[%clk 0:03:08]} Nbd7 {[%clk 0:03:05]} 7. g3
{[%clk 0:03:09]} e6 {[%clk 0:03:05]} 8. Bg2 {[%clk 0:03:10]} Be7 {[%clk 0:03:02]}
9. O-O {[%clk 0:03:11]} O-O {[%clk 0:03:02]} 10. Ne5 {[%clk 0:03:12]} Bh5
{[%clk 0:02:51]} 11. Nxd7 {[%clk 0:03:13]} Qxd7 {[%clk 0:02:51]} 12. Nb3
{[%clk 0:03:10]} Rfd8 {[%clk 0:02:40]} 13. e4 {[%clk 0:02:59]} Rac8
{[%clk 0:02:39]} 14. Be3 {[%clk 0:02:58]} Bg6 {[%clk 0:02:39]} 15. f3
{[%clk 0:02:58]} Qe8 {[%clk 0:02:27]} 16. Rfd1 {[%clk 0:02:54]} Nd7
{[%clk 0:02:27]} 17. Nc5 {[%clk 0:02:47]} Nxc5 {[%clk 0:02:17]} 18. dxc5
{[%clk 0:02:48]} Rxd1+ {[%clk 0:02:17]} 19. Rxd1 {[%clk 0:02:49]} Rd8
{[%clk 0:02:19]} 20. Rd3 {[%clk 0:02:43]} Rd7 {[%clk 0:02:14]} 21. Bf1
{[%clk 0:02:36]} Qd8 {[%clk 0:02:11]} 22. b4 {[%clk 0:02:36]} e5 {[%clk 0:01:51]}
23. Kf2 {[%clk 0:02:21]} Kf8 {[%clk 0:01:50]} 24. Ke2 {[%clk 0:02:03]} Rxd3
{[%clk 0:01:10]} 25. Qxd3 {[%clk 0:02:04]} Qxd3+ {[%clk 0:01:10]} 26. Kxd3
{[%clk 0:02:05]} Ke8 {[%clk 0:01:06]} 27. Bh3 {[%clk 0:02:05]} Kd8
{[%clk 0:01:07]} 28. Kc4 {[%clk 0:01:59]} Bh5 {[%clk 0:01:04]} 29. Bg4
{[%clk 0:00:59]} Bxg4 {[%clk 0:00:38]} 30. fxg4 {[%clk 0:01:00]} a6
{[%clk 0:00:36]} 31. Bd2 {[%clk 0:00:51]} Kd7 {[%clk 0:00:36]} 32. Kd3
{[%clk 0:00:49]} Ke6 {[%clk 0:00:36]} 33. Bc3 {[%clk 0:00:47]} g6
{[%clk 0:00:31]} 34. Ke3 {[%clk 0:00:30]} Bg5+ {[%clk 0:00:31]} 35. Kf3
{[%clk 0:00:16]} Bc1 {[%clk 0:00:31]} 36. Ke2 {[%clk 0:00:16]} Ba3
{[%clk 0:00:16]} 37. Kd3 {[%clk 0:00:10]} a5 {[%clk 0:00:18]} 38. bxa5
{[%clk 0:00:06]} Bxc5 {[%clk 0:00:19]} 39. Kc4 {[%clk 0:00:05]} Bg1
{[%clk 0:00:19]} 40. h3 {[%clk 0:00:03]} Bf2 {[%clk 0:00:20]} 41. a4
{[%clk 0:00:03]} Bxg3 {[%clk 0:00:18]} 42. a6 {[%clk 0:00:05]} bxa6 43. Kc5 f5
{[%clk 0:00:16]} 44. gxf5+ {[%clk 0:00:06]} gxf5 {[%clk 0:00:17]} 45. exf5+
{[%clk 0:00:07]} Kxf5 {[%clk 0:00:18]} 46. Kxc6 {[%clk 0:00:06]} e4
{[%clk 0:00:17]} 47. Kb6 {[%clk 0:00:06]} e3 {[%clk 0:00:17]} 48. Kxa6
{[%clk 0:00:07]} Ke4 {[%clk 0:00:18]} 49. Kb7 {[%clk 0:00:06]} Kd3
{[%clk 0:00:19]} 50. Bb4 {[%clk 0:00:05]} Kc4 {[%clk 0:00:15]} 51. a5
{[%clk 0:00:05]} Kxb4 {[%clk 0:00:11]} 52. a6 {[%clk 0:00:07]} e2
{[%clk 0:00:10]} 53. a7 {[%clk 0:00:08]} e1=Q {[%clk 0:00:11]} 54. a8=Q
{[%clk 0:00:08]} Qe4+ {[%clk 0:00:10]} 55. Ka7 {[%clk 0:00:09]} Bf2+
{[%clk 0:00:08]} 56. Kb8 {[%clk 0:00:10]} Qe8+ {[%clk 0:00:07]} 57. Kb7
{[%clk 0:00:10]} Qd7+ {[%clk 0:00:07]} 58. Ka6 {[%clk 0:00:07]} Qb5#
{[%clk 0:00:08]} 59. Qa7 0-1